LEADER 00919nam a2200253 a 4500 001 000000169602 003 CaOOAMICUS 005 20180928112223.0 008 180928s1984 it 000 u ita r 032 $aLibriCat 040 $aPul$bita 100 1 $aBertolucci, Attilio.$0(OLS)http://pul/name/87204 245 10$aViaggio d'inverno : $b(1955-1970) / $cAttilio Bertolucci . 250 $aSeconda edizione. 260 $aMilano :$bGarzanti,$c©1984. 300 $a139 p. ; $c22 cm. 490 1 $aPoesie 830 0$aPoesie (Garzanti).$0(OLS)http://pul/title/209821 850 $aPUL 852 $aPUL$W1$xDP1 Fondo Dalla Palma$y117$m9 H 37$j192625$qFondi$B197606$CPULBib$Z2$F197606 $HDal454 $81 941 1 $a1 996 $6245$aViaggio d'inverno : $b(1955-1970) / $9(OLS)http://pul/title/210219 996 $6260$aMilano :$bGarzanti$9(OLS)http://pul/publisher/49146 LEADER 01172nam a2200289 u 4500 001 000000050234 003 CaOOAMICUS 005 20070226115211.0 008 000727s1981 sz u000 u fre u 035 $a10853073 040 $aPUL$bita 100 1 $aZizioulas, Ioannis,$d1931-$0(OLS)http://pul/name/36061 245 12$aL'être ecclésial /$cJean Zizioulas. 260 $aGenève :$bLabor et fides,$c1981. 300 $a194 p. ;$c21 cm 490 1 $aPerspective orthodoxe ;$v3 504 $aBibliografia in nota. 650 04$aChiesa cattolica$xpastorale$xgiovani.$0(OLS)http://pul/subject/2596 830 0$aPerspective orthodoxe ;$v3.$0(OLS)http://pul/title/67613 850 $aPUL 852 $aPUL$W1$xSL Religione 1$y3$m62 E 133$j66631$nBK-PRI$b $qStampati$B66631$CPULBib$Z2$F66631 $H $81 852 $aPUL$W1$xDP1 Fondo Bordoni$y120$m3 K 76$j174139$qFondi$B176633$CPULBib$Z2$F176633 $HBor1828 $81 941 1 $a1 941 1 $a8 961 $aINV: 82535 996 $6245$aL'être ecclésial$9(OLS)http://pul/title/67612 996 $6260$aGenève :$bLabor et fides$9(OLS)http://pul/publisher/53460